000 01424nab a22002897a 4500
999 _c5408
_d5408
003 OSt
005 20250312095331.0
008 190604e xxu||||| |||| 00| 0 spa d
040 _cPJ
100 _96436
_aFernández Pego, Guillermo
245 1 3 _aLa evolución histórica, política y judicial de los decretos de necesidad y urgencia desde un enfoque constitucional y parlamentario /
_cGuillermo Fernández Pego.
260 _aCiudad Autónoma de Buenos Aires :
_bThomson Reuters La Ley,
_c2024.
300 _ap. 50-
500 _aCita Online: TR LALEY AR/DOC/1528/24.
505 _aSumario: I. Introducción.— II. Estado de situación.— III. Desarrollo.— IV. La Comisión Bicameral y su control. Ley 26.122.— V. Conclusión.— VI. Bibliografía.— VII. Jurisprudencia.— VIII. Páginas de internet.
505 _t¿Te interesa el texto completo? Solicitalo al correo: koha@justierradelfuego.gov.ar
650 0 _9766
_aCONSTITUCION NACIONAL
650 0 _aCONSTITUCION EXTRANJERA
650 0 _9200
_aDECRETOS DE NECESIDAD Y URGENCIA
650 0 _9761
_aPODER EJECUTIVO
650 0 _9186
_aPODER LEGISLATIVO
650 0 _94531
_aDECRETO REGLAMENTARIO
650 0 _96437
_aSANCION DE LA LEY
650 0 _94193
_aPROYECTO DE LEY
773 0 _02714
_93171
_dCiudad Autónoma de Buenos Aires : Thomson Reuters La Ley, 2014-
_tRevista anales de legislación argentina. Nº 7 - Julio 2024.
942 _2udc
_cANA